Statistics for Books of the Bible

Click here to take the quiz!

General Stats

  • This quiz has been taken 60 times
  • The average score is 44 of 72

Answer Stats

Answer% Correct
Exodus
96%
Genesis
96%
John
92%
Luke
92%
Mark
92%
Deuteronomy
89%
Leviticus
89%
Matthew
89%
Psalms
89%
Numbers
87%
Ruth
87%
Proverbs
77%
1 Kings
75%
2 Kings
75%
Acts of the Apostles
75%
Job
75%
Joshua
75%
Judges
75%
Revelations
75%
Esther
74%
1 Corinthians
70%
Romans
70%
1 John
68%
1 Samuel
68%
2 Corinthians
68%
2 John
68%
2 Samuel
68%
Daniel
66%
Malachi
66%
1 Chronicles
64%
1 Peter
64%
2 Chronicles
64%
2 Peter
64%
3 John
64%
Jeremiah
62%
Jude
62%
1 Timothy
60%
2 Timothy
60%
Ezekiel
60%
Nehemiah
60%
Ecclesiastes
58%
Ephesians
58%
Galatians
58%
Isaiah
58%
Philippians
58%
1 Thessalonians
57%
2 Thessalonians
57%
Amos
57%
Ezra
57%
James
57%
Colossians
55%
Hebrews
55%
Lamentations
55%
Hosea
51%
Joel
51%
Philemon
51%
Jonah
49%
Nahum
49%
Obadiah
49%
Micah
47%
Song of Songs
45%
Titus
45%
Zechariah
43%
Habakkuk
42%
Haggai
42%
Zephaniah
42%
1 Maccabees
17%
2 Maccabees
17%
Wisdom
13%
Baruch
9%
Tobit
9%
Sirach
8%

Score Distribution

Percentile by Number Answered

Percent of People with Each Score

Your Score History

You have not taken this quiz